000 00487nam a2200145Ia 4500
008 100122s9999 xx 000 0 und d
082 _b28226
_a823
100 _aरांगणेकर कुमुदिनी
245 _aस्वप्नाळू प्रीत
260 _bशशीदिप प्रकाशन
_c1905
300 _a192
630 _aस्वप्नाळू प्रीत
730 _aस्वप्नाळू प्रीत
942 _cBOOK
999 _c413977
_d413974